Statistics for It's Always Sunny in Philadelphia Quiz

Click here to take the quiz!

General Stats

  • This quiz has been taken 7,282 times
    (2,412 since last reset)
  • The average score is 14 of 18

Answer Stats

Question Answer % Correct
Who stars as Frank Reynolds?Danny DeVito
97%
Who is Charlie obsessed with?The {Waitress}
87%
What was the name of Charlie's musical?The {Nightman} Cometh
86%
What drug do Dennis and Dee get addicted to so they can get welfare?Crack
84%
What pet product did Charlie invent?{Kitten} Mittens
83%
What word, starting with G, appears in about 40% of the episode titles?Gang
83%
What is the name of the bar?Paddy's Pub
83%
What you have to pay, to get to that boy's soul?{Troll} Toll
82%
What was Cricket's profession, prior to his downward spiral?Priest
82%
What is the preferred drink of the McPoyles?Milk
81%
What type of law does Charlie specialize in?{Bird} Law
77%
What did Mac say he was doing when he gained a lot of fat?Cultivating {Mass}
77%
What was the name of the mascot that Charlie invented?{Green} Man
74%
What is Mac's full name?Ronald McDonald
71%
What type of exploitative business does Frank own in Vietnam?Sweatshop
64%
What does the second N in the D.E.N.N.I.S. system stand for?{Neglect} Emotionally
64%
What threat assessment does Mac perform that doesn't require touching someone?Ocular {Patdown}
62%
What was Dee's high school nickname?The {Aluminum} Monster
55%

Score Distribution

Percentile by Number Answered

Percent of People with Each Score

Your Score History

You have not taken this quiz since the last reset